Elements of cartography / (Record no. 11663)

000 -LEADER
fixed length control field 00570pam a2200181 a 4500
020 ## - INTERNATIONAL STANDARD BOOK NUMBER
ISBN 0471555797 (acidfree paper)
040 ## - CATALOGING SOURCE
Transcribing agency DLC
082 00 - DEWEY DECIMAL CLASSIFICATION NUMBER
Classification number 526 WIL 1995 A030 Or.
245 00 - TITLE STATEMENT
Title Elements of cartography /
250 ## - EDITION STATEMENT
Edition statement 6th ed.
260 ## - PUBLICATION, DISTRIBUTION, ETC. (IMPRINT)
Place of publication New York :
Name of publisher Wiley,
Year of publication c1995.
300 ## - PHYSICAL DESCRIPTION
Number of Pages 674 p. :
Other physical details ill. (some col.), maps (some col.) ;
Dimensions 24 cm.
650 00 - SUBJECT ADDED ENTRY--TOPICAL TERM
Topical Term Cartography.
700 1# - ADDED ENTRY--PERSONAL NAME
Personal name Robinson, Arthur Howard,
856 42 - ELECTRONIC LOCATION AND ACCESS
Uniform Resource Identifier http://www.loc.gov/catdir/description/wiley037/94033102.html
856 4# - ELECTRONIC LOCATION AND ACCESS
Uniform Resource Identifier http://www.loc.gov/catdir/toc/onix01/94033102.html
942 ## - ADDED ENTRY ELEMENTS (KOHA)
Koha item type សៀវភៅភាសាអង់គ្លេស
952 ## - LOCATION AND ITEM INFORMATION (KOHA)
Withdrawn status [LOCAL, KOHA] 0
Holdings
Permanent Location Date acquired Koha item type Lost status Shelving location Barcode Current Location Full call number
Library Block A2017-08-04សៀវភៅភាសាអង់គ្លេស A030A14133Library Block A526 WIL 1995 A030 Or.
មជ្ឈមណ្ឌលឯការនៃសាកលវិទ្យាល័យភូមិន្ទកសិកម្មចំការដូង

Powered by Koha